SULA AND THE SINGING SHELL (Record no. 5975)
[ view plain ]
| 000 -LEADER | |
|---|---|
| fixed length control field | 00624nam a22001457a 4500 |
| 020 ## - INTERNATIONAL STANDARD BOOK NUMBER | |
| ISBN | 978-93-5103-204-5 |
| 082 ## - DEWEY DECIMAL CLASSIFICATION NUMBER | |
| Classification number | 823 |
| Item number | KIT/S |
| 100 ## - MAIN ENTRY--AUTHOR NAME | |
| Personal name | KIT, KATY |
| 245 ## - TITLE STATEMENT | |
| Title | SULA AND THE SINGING SHELL |
| 260 ## - PUBLICATION, DISTRIBUTION, ETC. (IMPRINT) | |
| Place of publication | BRITIAN |
| Name of publisher | BOXER BOOKS LIMITED |
| Year of publication | 2012 |
| 300 ## - PHYSICAL DESCRIPTION | |
| Number of Pages | 95 |
| 520 ## - SUMMARY, ETC. | |
| Summary, etc | The five mermaid friends visit King Neptune's Palace. There they learn about the magical singing shells--and the loss of the one shell that has the power to calm the sea. The next day, there is a bad storm, and Coral, Melody, Jasmine, and Rosa are trapped. Can Sula conquer her fears and rescue her friends? |
| 650 ## - SUBJECT ADDED ENTRY--TOPICAL TERM | |
| Topical Term | SHORT STORY |
| 942 ## - ADDED ENTRY ELEMENTS (KOHA) | |
| Koha item type | Books |
| Withdrawn status | Lost status | Collection code | Home library | Current library | Shelving location | Date acquired | Source of acquisition | Cost, normal purchase price | Full call number | Accession Number | Koha item type |
|---|---|---|---|---|---|---|---|---|---|---|---|
| Fiction | Main Library | Main Library | SHELF 15-J-CHILDREN'S STORYBOOKS | 05/10/2015 | Purchase | 125.00 | 823 KIT/S | 09432 | Books |